Vývoj vedy, výskumu a inovačnej politiky SR v kontexte politicko-ekonomických zmien

Potreba inovácií v podnikateľskom sektore a získanie konkurenčnej výhody voči iným podnikom nielen na domácich ale aj na globálnych trhoch. Predpoklady pre vytvorenie a fungovanie inovácií a ich ekonomické efekty.

Uložené v:
Podrobná bibliografia
Hlavný autor: Hlavatý, Ivan, 1978-
Médium: Kapitola
Jazyk:Slovak
Predmet:
Tagy: Pridať tag
Žiadne tagy, Buďte prvý, kto otaguje tento záznam!

MARC

LEADER 00000nla a2200000 4500
001 0178913
005 20240502073035.2
041 0 |a slo 
044 |a SK 
245 1 0 |a Vývoj vedy, výskumu a inovačnej politiky SR v kontexte politicko-ekonomických zmien  |c Ivan Hlavatý 
520 |a Potreba inovácií v podnikateľskom sektore a získanie konkurenčnej výhody voči iným podnikom nielen na domácich ale aj na globálnych trhoch. Predpoklady pre vytvorenie a fungovanie inovácií a ich ekonomické efekty. 
610 2 0 |a Slovensko 
610 2 0 |a stratégia inovačná 
610 2 0 |a inovácia 
610 2 0 |a financovanie 
610 2 0 |a efektívnosť inovácií 
610 2 0 |a podpora podnikania 
610 2 0 |a výhody konkurenčné 
100 1 |a Hlavatý, Ivan, 1978-